[Event "Lichtenberger Sommer 2017"]
[Site "Berlin"]
[Date "2017.08.27"]
[Round "9.26"]
[White "Möller, Dustin"]
[Black "Bender, Leon"]
[Result "0-1"]
[WhiteElo "2081"]
[BlackElo "2016"]
[PlyCount "70"]
[EventDate "2017.??.??"]
[WhiteTeam "Eckernförder SC"]
[BlackTeam "Sfr. Kelkheim"]

1. d4 Nf6 2. Nf3 d5 3. g3 g6 4. Bg2 Bg7 5. c4 c6 6. Ne5 O-O 7. Nc3 dxc4 8. Nxc4
Nd5 9. O-O Be6 10. Ne3 Nxc3 11. bxc3 Nd7 12. Ba3 Rc8 13. Qd3 b6 14. Rfd1 Nf6
15. c4 Qd7 16. Rd2 Rfd8 17. Rad1 Bf5 18. Nxf5 gxf5 19. f3 f4 20. gxf4 Qc7 21.
f5 c5 22. d5 b5 23. Bb2 Bh6 24. Rc2 Bf4 25. h3 Nh5 26. e3 bxc4 27. Rxc4 Rb8 28.
Bc3 Be5 29. f4 Bxc3 30. Qxc3 Ng3 31. Qc2 Qb6 32. Kh2 Nh5 33. Rxc5 Qh6 34. Rg1
Nf6 35. Qf2 Ng4+ 0-1

[Event "Lichtenberger Sommer 2017"]
[Site "Berlin"]
[Date "2017.08.27"]
[Round "9.27"]
[White "Jeß, Arne"]
[Black "Elsing, Jan"]
[Result "0-1"]
[WhiteElo "1862"]
[BlackElo "2140"]
[PlyCount "70"]
[EventDate "2017.??.??"]
[WhiteTeam "TSG Fredersdorf/Vogelsdorf"]
[BlackTeam "SC Friesen Lichtenberg"]

1. e4 Nf6 2. Nc3 d5 3. e5 d4 4. Nce2 Ng8 5. c3 Nc6 6. cxd4 Nxd4 7. Nxd4 Qxd4 8.
Nf3 Qd5 9. Be2 Bf5 10. O-O e6 11. d4 Ne7 12. Be3 Qd7 13. Qb3 c6 14. Nd2 Nd5 15.
a3 Be7 16. g4 Bg6 17. f4 h5 18. h3 hxg4 19. hxg4 Rh3 20. Bf3 O-O-O 21. Kg2 Bc2
22. Qxd5 cxd5 23. Kxh3 Kb8 24. Be2 Ba4 25. Rfc1 Bb5 26. Bf3 Rc8 27. Nf1 Bd3 28.
Ng3 Rxc1 29. Rxc1 Qb5 30. Rc3 Bf1+ 31. Nxf1 Qxf1+ 32. Bg2 Qe1 33. g5 f6 34.
exf6 gxf6 35. Bg1 Qxg1 0-1

[Event "Lichtenberger Sommer 2017"]
[Site "Berlin"]
[Date "2017.08.27"]
[Round "9.28"]
[White "Kornrumpf, Joachim"]
[Black "Ros Alonso, Joana"]
[Result "1-0"]
[WhiteElo "2074"]
[BlackElo "1820"]
[PlyCount "91"]
[EventDate "2017.??.??"]
[WhiteTeam "Preetzer TSV"]
[BlackTeam "Sant Boi de Llobregat"]

1. b3 e5 2. Bb2 Nc6 3. e3 Nf6 4. c4 d5 5. cxd5 Nxd5 6. a3 Bd6 7. Qc2 O-O 8. Nf3
f5 9. d3 Qf6 10. Nbd2 Be6 11. Be2 Qg6 12. h4 Rae8 13. b4 a5 14. b5 Na7 15. Nxe5
Bxe5 16. Bxe5 Nxb5 17. d4 Nbc3 18. Bf3 Bd7 19. O-O Bb5 20. Rfe1 c6 21. Rac1 Kh8
22. h5 Qg5 23. Qb3 Ne4 24. Nxe4 fxe4 25. Bxe4 Nf6 26. Bf3 Nxh5 27. a4 Bxa4 28.
Qxa4 Rxf3 29. Qxa5 Rf7 30. Rc5 Nf6 31. Bf4 Qh4 32. Re5 Ref8 33. Bg3 Qg4 34. Rg5
Qd7 35. f3 h6 36. Rc5 Nd5 37. Qd2 Re7 38. Be5 Ra8 39. e4 Nf6 40. Bxf6 gxf6 41.
Qxh6+ Rh7 42. Qxf6+ Rg7 43. Rg5 b5 44. Kf2 Ra4 45. Qf8+ Kh7 46. Rh1+ 1-0

[Event "Lichtenberger Sommer 2017"]
[Site "Berlin"]
[Date "2017.08.27"]
[Round "9.29"]
[White "Schröter, Maik"]
[Black "Heuser, Philip"]
[Result "1/2-1/2"]
[WhiteElo "1876"]
[BlackElo "2041"]
[PlyCount "93"]
[EventDate "2017.??.??"]
[WhiteTeam "SG Stadtilm"]
[BlackTeam "Münchener SC"]

1. e4 c6 2. d4 d5 3. Nc3 dxe4 4. Nxe4 Nf6 5. Nxf6+ gxf6 6. Nf3 Bg4 7. h3 Bh5 8.
c3 Qc7 9. Qb3 Nd7 10. Bd2 O-O-O 11. Be2 e6 12. g4 Bg6 13. Nh4 Be4 14. Bf3 Bxf3
15. Nxf3 h5 16. O-O-O Bd6 17. g5 Rhg8 18. h4 f5 19. Rhg1 Nf8 20. Qa4 Kb8 21.
Ne5 Bxe5 22. dxe5 Ng6 23. Be3 b6 24. Rxd8+ Rxd8 25. Rd1 Kb7 26. f4 Rd7 27. Bf2
Qd8 28. Bg3 Rxd1+ 29. Qxd1 Qd5 30. Qxh5 Qg2 31. Qh7 Qxg3 32. Qxf7+ Ka6 33. Qxg6
Qxf4+ 34. Kc2 Qe4+ 35. Kc1 Qe3+ 36. Kc2 Qe2+ 37. Kc1 Qe1+ 38. Kc2 Qe4+ 39. Kc1
Qxe5 40. Qh5 Qe3+ 41. Kd1 Qd3+ 42. Ke1 Qg3+ 43. Ke2 e5 44. Qf3 Qh2+ 45. Qf2 Qh3
46. Qf3 Qh2+ 47. Qf2 1/2-1/2

[Event "Lichtenberger Sommer 2017"]
[Site "Berlin"]
[Date "2017.08.27"]
[Round "9.30"]
[White "Bui, Bao Anh Le"]
[Black "Simon, Ralf-Axel"]
[Result "0-1"]
[WhiteElo "1775"]
[BlackElo "2184"]
[PlyCount "72"]
[EventDate "2017.??.??"]
[WhiteTeam "SV Mattnetz Berlin"]
[BlackTeam "TSG Neuruppin"]

1. e4 c5 2. Nf3 d6 3. d4 cxd4 4. Nxd4 Nf6 5. Nc3 a6 6. Be3 e5 7. Nb3 Be6 8. f3
Be7 9. Qd2 Nbd7 10. O-O-O b5 11. g4 b4 12. Na4 a5 13. g5 Nh5 14. Bb5 Rb8 15.
Qe2 Qc7 16. Kb1 O-O 17. Rc1 Rfc8 18. Ba6 Qc6 19. Bxc8 Rxc8 20. c4 Qxa4 21. Rhd1
Qc6 22. c5 Nxc5 23. Bxc5 dxc5 24. Nxa5 Bxa2+ 25. Kxa2 Qa4+ 26. Kb1 Qxa5 27. b3
Bxg5 28. Rc4 Nf4 29. Qb2 Ne6 30. Rd5 f6 31. Qa2 Qxa2+ 32. Kxa2 Be3 33. Rd7 Ra8+
34. Kb1 Ra3 35. Kc2 Nd4+ 36. Kd1 Ra1+ 0-1

[Event "Lichtenberger Sommer 2017"]
[Site "Berlin"]
[Date "2017.08.27"]
[Round "9.31"]
[White "Postler, Reinhard"]
[Black "Kurzweil, Thomas"]
[Result "1-0"]
[WhiteElo "2250"]
[BlackElo "1918"]
[PlyCount "33"]
[EventDate "2017.??.??"]
[WhiteTeam "TSG Oberschöneweide"]
[BlackTeam "Spgem Kötz/Ichenhausen"]

1. e4 d6 2. d4 g6 3. Nc3 Bg7 4. Bg5 c6 5. Qd2 Nd7 6. h4 c5 7. Nf3 cxd4 8. Nxd4
Ngf6 9. Bh6 Bxh6 10. Qxh6 Qb6 11. O-O-O Ne5 12. Qd2 Bd7 13. h5 Nxh5 14. Nd5 Qc5
15. Nb3 Qc6 16. Bb5 Qc8 17. Nxe7 1-0

[Event "Lichtenberger Sommer 2017"]
[Site "Berlin"]
[Date "2017.08.27"]
[Round "9.32"]
[White "Brümmel, Arend"]
[Black "Grassi, Fabrizio"]
[Result "1-0"]
[WhiteElo "2150"]
[BlackElo "1868"]
[PlyCount "57"]
[EventDate "2017.??.??"]
[WhiteTeam "Stader SV"]
[BlackTeam "SV Berlin-Friedrichstadt"]

1. d4 Nf6 2. Nf3 d5 3. c4 e6 4. Nc3 Nbd7 5. cxd5 exd5 6. Bg5 c6 7. e3 Be7 8.
Bd3 Nf8 9. h3 Ne6 10. Bxf6 Bxf6 11. O-O O-O 12. Qc2 g6 13. b4 a6 14. a4 Ng7 15.
b5 axb5 16. axb5 Rxa1 17. Rxa1 Bf5 18. bxc6 bxc6 19. Bxf5 Nxf5 20. Ra6 Ne7 21.
Na4 Qb8 22. Nd2 Kg7 23. Qc5 Rd8 24. Qa5 Qd6 25. Nc5 Rb8 26. Ra7 Rb5 27. Qa3 Qd8
28. Nb7 Qf8 29. Ra8 1-0

[Event "Lichtenberger Sommer 2017"]
[Site "Berlin"]
[Date "2017.08.27"]
[Round "9.33"]
[White "Dellert, Lena"]
[Black "Schliebener, Stephan"]
[Result "0-1"]
[WhiteElo "1851"]
[BlackElo "2126"]
[PlyCount "38"]
[EventDate "2017.??.??"]
[WhiteTeam "SF Wadgassen"]
[BlackTeam "BSV 63 Chemie Weißensee"]

1. e4 c5 2. Nf3 e6 3. d4 cxd4 4. Nxd4 Nf6 5. f3 Bc5 6. Nb3 Bb6 7. e5 Nd5 8. c4
Ne3 9. Qd3 Nxf1 10. Rxf1 Qh4+ 11. Kd1 O-O 12. Nc3 Nc6 13. f4 f6 14. exf6 Rxf6
15. Bd2 Rf8 16. Ne4 d5 17. cxd5 Qh5+ 18. Kc2 exd5 19. Ng5 Bf5 0-1

[Event "Lichtenberger Sommer 2017"]
[Site "Berlin"]
[Date "2017.08.27"]
[Round "9.34"]
[White "Milare, Tyron"]
[Black "Hahlbohm, Matthias"]
[Result "1/2-1/2"]
[WhiteElo "1730"]
[BlackElo "2106"]
[PlyCount "165"]
[EventDate "2017.??.??"]
[WhiteTeam "Potsdamer SV"]
[BlackTeam "TSG Oberschöneweide"]

1. Nf3 Nf6 2. d4 g6 3. c4 Bg7 4. Nc3 O-O 5. e4 d6 6. h3 c6 7. Bd3 Qc7 8. O-O e5
9. d5 Ne8 10. g4 h5 11. Nh4 Qe7 12. Ng2 hxg4 13. hxg4 Nf6 14. Bg5 Qd7 15. f3
Nh7 16. Bd2 Qd8 17. Qc2 Ng5 18. Kf2 f6 19. Ke2 Na6 20. Bxg5 fxg5 21. a3 Kf7 22.
Rh1 Rh8 23. Qd2 Bf6 24. b4 Bd7 25. Qe1 Nc7 26. Qf2 b6 27. Qg3 Qc8 28. Rxh8 Qxh8
29. Qf2 Rb8 30. Rb1 Be7 31. b5 cxb5 32. cxb5 Ne8 33. Na2 Rc8 34. a4 Nf6 35. Nb4
Qh3 36. Nc6 Ra8 37. Ne3 Bc8 38. Nc4 Nd7 39. Rf1 Nc5 40. Bc2 Bd7 41. Rg1 Bxc6
42. bxc6 Na6 43. Rg2 Rh8 44. Ne3 Bd8 45. Nf1 Qh6 46. Kd2 Qf8 47. Rh2 Rh4 48.
Bd3 Nc7 49. Ne3 Kg7 50. Rg2 Qf4 51. Ke2 Ne8 52. Rg1 Qf8 53. Ng2 Rh3 54. Qf1 Qh8
55. Kd2 Rh2 56. Be2 b5 57. axb5 Bb6 58. Ne3 Nc7 59. Rg2 Rh1 60. Rg1 Rh4 61. Qb1
Qf8 62. Kd3 Rh3 63. Rf1 Qf4 64. Nc4 Bc5 65. Rh1 Rxh1 66. Qxh1 Nxb5 67. Qb1 Nc7
68. Qb8 Qf7 69. Qc8 Qe7 70. Na5 Ne8 71. Nb7 Bb6 72. Kc2 Kf8 73. Qd7 Bc7 74. Bb5
Kf7 75. Qc8 Kf8 76. Qa8 Bb6 77. Qc8 Bc7 78. Qd7 Kf7 79. Kb3 Nf6 80. Qc8 Ne8 81.
Qd7 Nf6 82. Qxe7+ Kxe7 83. Kc4 1/2-1/2

[Event "Lichtenberger Sommer 2017"]
[Site "Berlin"]
[Date "2017.08.27"]
[Round "9.35"]
[White "Meyer-Dunker, Paul"]
[Black "Schmalzried, Volker"]
[Result "1-0"]
[WhiteElo "1965"]
[BlackElo "1858"]
[PlyCount "65"]
[EventDate "2017.??.??"]
[WhiteTeam "SC Friesen Lichtenberg"]
[BlackTeam "vereinslos"]

1. e4 c5 2. Nf3 Nc6 3. d4 cxd4 4. Nxd4 g6 5. Nc3 Bg7 6. Be3 d6 7. f3 Nf6 8. Bc4
O-O 9. Bb3 Bd7 10. Qd2 a6 11. g4 h5 12. g5 Ne8 13. f4 Nxd4 14. Bxd4 Bxd4 15.
Qxd4 e5 16. Qf2 Be6 17. O-O-O Bxb3 18. cxb3 f5 19. gxf6 Qxf6 20. Nd5 Qe6 21. f5
gxf5 22. exf5 Qh6+ 23. Kb1 Kh8 24. Rhg1 Qh7 25. Rg5 Ng7 26. Ne7 Rf7 27. Ng6+
Kg8 28. Rxd6 Re8 29. a4 e4 30. Qe2 Rxf5 31. Qc4+ Rf7 32. Ne5 e3+ 33. Ka2 1-0

[Event "Lichtenberger Sommer 2017"]
[Site "Berlin"]
[Date "2017.08.27"]
[Round "9.36"]
[White "Oelmann, Henry"]
[Black "Große-Honebrink, Brigitte"]
[Result "0-1"]
[WhiteElo "1992"]
[BlackElo "1886"]
[PlyCount "82"]
[EventDate "2017.??.??"]
[WhiteTeam "SC Oranienburg"]
[BlackTeam "SC Kreuzberg"]

1. c4 e6 2. Nf3 Nf6 3. Nc3 d5 4. d4 Bb4 5. Qa4+ Nc6 6. Bd2 Bd7 7. Qc2 O-O 8. e3
Bxc3 9. Bxc3 Ne4 10. cxd5 exd5 11. Bd3 Nxc3 12. bxc3 h6 13. h4 a6 14. Bh7+ Kh8
15. Bd3 Qf6 16. Ng5 g6 17. Qb3 Qd6 18. Nh3 Ne7 19. Nf4 c6 20. Kd2 Bf5 21. Rab1
Bxd3 22. Nxd3 Kg7 23. Nc5 b5 24. a4 Qc7 25. Ra1 Nf5 26. axb5 axb5 27. Ra6 Rxa6
28. Nxa6 Qe7 29. Nb4 Qf6 30. Ke2 Nd6 31. Nd3 Ra8 32. h5 g5 33. Rh3 Ne4 34. Rf3
Qe6 35. Qb2 Ra2 36. Qxa2 Nxc3+ 37. Kd2 Nxa2 38. Kc2 Qe4 39. Kd2 Qe7 40. Rf5 Qa3
41. Ne5 Qc3+ 0-1

[Event "Lichtenberger Sommer 2017"]
[Site "Berlin"]
[Date "2017.08.27"]
[Round "9.37"]
[White "Eisheh, Jens-Tarek"]
[Black "Schäfer, Heiko"]
[Result "1/2-1/2"]
[WhiteElo "1879"]
[BlackElo "1993"]
[PlyCount "70"]
[EventDate "2017.??.??"]
[WhiteTeam "Lübecker SV"]
[BlackTeam "Potsdamer SV"]

1. e4 e5 2. Nf3 Nf6 3. Nxe5 d6 4. Nf3 Nxe4 5. d4 d5 6. Bd3 Bd6 7. c4 c6 8. Nc3
O-O 9. cxd5 Nxc3 10. bxc3 Re8+ 11. Be3 cxd5 12. Qc2 h6 13. h3 Bf4 14. Ne5 Bxe3
15. Bh7+ Kf8 16. fxe3 Nc6 17. Ng6+ fxg6 18. O-O+ Ke7 19. Qxg6 Be6 20. Qxg7+ Kd6
21. Rf6 Re7 22. Qg3+ Kd7 23. Rb1 b6 24. Bf5 Qg8 25. Rg6 Qb8 26. Qg4 Qd6 27. e4
dxe4 28. d5 Ne5 29. dxe6+ Kc7 30. Qxe4 Nxg6 31. Qxa8 Qc5+ 32. Kh1 Qxf5 33.
Qxa7+ Kc8 34. Qa8+ Kc7 35. Qa7+ Kc8 1/2-1/2

[Event "Lichtenberger Sommer 2017"]
[Site "Berlin"]
[Date "2017.08.27"]
[Round "9.38"]
[White "Jaeger, Andre"]
[Black "Krüger, Detlef"]
[Result "1-0"]
[WhiteElo "1994"]
[BlackElo "1816"]
[PlyCount "91"]
[EventDate "2017.??.??"]
[WhiteTeam "SC Rochade (Berlin)"]
[BlackTeam "TSG Fredersdorf/Vogelsdorf"]

1. d4 Nf6 2. c4 g6 3. g3 Bg7 4. Bg2 O-O 5. Nc3 e6 6. e4 d6 7. Nf3 c5 8. O-O
cxd4 9. Nxd4 Nc6 10. Nde2 Qc7 11. Nb5 Qb6 12. Be3 Qd8 13. Nxd6 e5 14. c5 b6 15.
Qd2 Ng4 16. Bg5 Nf6 17. b4 Bg4 18. f3 Be6 19. Rfd1 Qc7 20. Rac1 Rfd8 21. Qc3 h6
22. Be3 Ne8 23. cxb6 axb6 24. Qxc6 Qxc6 25. Rxc6 Rxa2 26. Nc3 Rc2 27. b5 Nxd6
28. Bxb6 Rd7 29. Nd5 Rb2 30. Rxd6 Rxd6 31. Ne7+ Kf8 32. Nxg6+ fxg6 33. Rxd6 Kf7
34. Bf1 Rb1 35. Kf2 Rb2+ 36. Ke3 Rxh2 37. Bc7 Rb2 38. b6 Bf8 39. Rc6 Bd7 40.
Bc4+ Ke8 41. Rxg6 Bc5+ 42. Kd3 Bd4 43. Rxh6 Ba4 44. Re6+ Kd7 45. Bxe5 Bxe5 46.
Rxe5 1-0

[Event "Lichtenberger Sommer 2017"]
[Site "Berlin"]
[Date "2017.08.27"]
[Round "9.39"]
[White "Wimmer, Thomas"]
[Black "Deutschbein, Christopher"]
[Result "1/2-1/2"]
[WhiteElo "1878"]
[BlackElo "2019"]
[PlyCount "72"]
[EventDate "2017.??.??"]
[WhiteTeam "SK Marburg"]
[BlackTeam "Eckernförder SC"]

1. d4 d5 2. c4 e6 3. Nc3 Nf6 4. cxd5 exd5 5. e3 Bd6 6. Qc2 c6 7. Bd3 O-O 8.
Nge2 b6 9. O-O Ba6 10. f3 Qc7 11. e4 Bxd3 12. Qxd3 Bxh2+ 13. Kh1 dxe4 14. fxe4
Ng4 15. Qh3 Qd7 16. Rf5 Qxf5 17. exf5 Nf2+ 18. Kxh2 Nxh3 19. Kxh3 Na6 20. Bf4
Rfe8 21. Kg3 Nb4 22. Rd1 Nxa2 23. Nxa2 Rxe2 24. Nb4 c5 25. dxc5 bxc5 26. Nd5
Rxb2 27. f6 Rb3+ 28. Kg4 Re8 29. Ne7+ Kh8 30. Be5 g6 31. Rh1 h5+ 32. Kg5 Kh7
33. g4 Re3 34. Bd6 Re2 35. gxh5 Rg2+ 36. Kf4 g5+ 1/2-1/2

[Event "Lichtenberger Sommer 2017"]
[Site "Berlin"]
[Date "2017.08.27"]
[Round "9.40"]
[White "Bruening, Wolfgang"]
[Black "Dittrich, Tom"]
[Result "1-0"]
[WhiteElo "1791"]
[BlackElo "1943"]
[PlyCount "139"]
[EventDate "2017.??.??"]
[WhiteTeam "vereinslos"]
[BlackTeam "SG Stadtilm"]

1. d4 Nf6 2. Nf3 g6 3. g3 Bg7 4. Bg2 O-O 5. O-O d5 6. c4 e6 7. Bg5 h6 8. Bf4
Nbd7 9. Na3 Nh5 10. Bd2 c5 11. Qc1 dxc4 12. Nxc4 Nb6 13. Ba5 cxd4 14. Rd1 Rb8
15. Nxd4 Bxd4 16. Bxb6 axb6 17. e3 Qe7 18. Rxd4 e5 19. Rd5 Be6 20. Rxe5 Rbc8
21. b3 Qf6 22. Rb5 Bxc4 23. bxc4 Rxc4 24. Qxc4 Qxa1+ 25. Bf1 Ra8 26. Rxb6 Qxa2
27. Rxg6+ Kh7 28. Qxa2 Rxa2 29. Rb6 Kg7 30. Rxb7 Rc2 31. Kg2 Nf6 32. Bd3 Rd2
33. Bc4 Ne4 34. Rxf7+ Kg6 35. Rf4 Ng5 36. h4 Nh7 37. Rd4 Rb2 38. Bd3+ Kg7 39.
Rd7+ Kf6 40. Bxh7 Ke5 41. h5 Kf6 42. e4 Kg5 43. Rd5+ Kf6 44. Bg6 Ra2 45. Rf5+
Kg7 46. Rf7+ Kg8 47. Rh7 Ra3 48. Rxh6 Kg7 49. Rh7+ Kf6 50. Rf7+ Kg5 51. Bf5 Ra2
52. g4 Rd2 53. Rg7+ Kh4 54. h6 Rd3 55. h7 Rd8 56. Rg8 Rxg8 57. hxg8=N Kg5 58.
Ne7 Kf6 59. Nd5+ Kf7 60. Kg3 Kg7 61. f4 Kf7 62. g5 Kg7 63. Kg4 Kf7 64. Kh5 Kg7
65. g6 Kh8 66. e5 Kg7 67. e6 Kf8 68. Kh6 Kg8 69. e7 Kh8 70. e8=R# 1-0

[Event "Lichtenberger Sommer 2017"]
[Site "Berlin"]
[Date "2017.08.27"]
[Round "9.42"]
[White "Korell, Klaus-Peter"]
[Black "Lischeid, Kilian"]
[Result "1/2-1/2"]
[WhiteElo "1852"]
[BlackElo "1719"]
[PlyCount "141"]
[EventDate "2017.??.??"]
[WhiteTeam "SG TT/Wiheil"]
[BlackTeam "SF Friedrichshagen"]

1. d4 d5 2. c4 e6 3. Nf3 Nf6 4. Nc3 Be7 5. e3 O-O 6. Bd3 a6 7. b3 c5 8. O-O Nc6
9. a3 b6 10. Bb2 Bb7 11. Qe2 Na5 12. Bc2 cxd4 13. Nxd4 dxc4 14. b4 Nc6 15. Rfd1
Qc7 16. Qxc4 b5 17. Qe2 Rfd8 18. Nxc6 Qxc6 19. f3 Qb6 20. Kh1 h6 21. Rxd8+ Rxd8
22. e4 Bc6 23. Bc1 Qd4 24. Bb2 Qd2 25. Rd1 Qxe2 26. Nxe2 Nd7 27. Nd4 Bb7 28.
Nb3 Rc8 29. Bd3 Nb6 30. Na5 Ba8 31. Kg1 Bg5 32. Bd4 Nd7 33. Nb3 Kf8 34. Kf2 e5
35. Bb2 Ke8 36. g3 Be7 37. Ke3 f6 38. Rd2 Nb6 39. Na5 Bd8 40. Rc2 Rxc2 41. Bxc2
Kd7 42. f4 Kd6 43. Bd3 Nd7 44. Nb3 Bb6+ 45. Kf3 Ke6 46. f5+ Kd6 47. Bc1 Bb7 48.
h4 Nb8 49. Be3 Bxe3 50. Kxe3 Nc6 51. Be2 Bc8 52. Bh5 Ke7 53. Kd3 Nd8 54. Nc5
Nc6 55. Nb3 Nd8 56. Bd1 Nb7 57. Nd2 Nd6 58. Bb3 Bb7 59. g4 Kd7 60. Bg8 Kc7 61.
Be6 Kb6 62. Bb3 Kc7 63. a4 Kb6 64. a5+ Kc7 65. Bc2 Kd7 66. Ke3 Ke7 67. Bd3 Kd7
68. Nb3 Ke7 69. Nc5 Bc8 70. Kf3 Ne8 71. Ke3 1/2-1/2

[Event "Lichtenberger Sommer 2017"]
[Site "Berlin"]
[Date "2017.08.27"]
[Round "9.43"]
[White "Zesewitz, Martin"]
[Black "Matitschka, Heinz"]
[Result "1-0"]
[WhiteElo "1875"]
[BlackElo "1910"]
[PlyCount "89"]
[EventDate "2017.??.??"]
[WhiteTeam "SF Friedrichshagen"]
[BlackTeam "TSG Oberschöneweide"]

1. f4 Nf6 2. Nf3 e6 3. e3 c5 4. b3 Nc6 5. Bb2 Be7 6. Bb5 O-O 7. O-O Qb6 8. Bxc6
bxc6 9. Qe1 Ba6 10. d3 c4 11. dxc4 d5 12. Ne5 Bc5 13. Rf3 d4 14. Nd3 dxe3 15.
Nxc5 Qxc5 16. Ba3 Qd4 17. c3 Qe4 18. Bxf8 Rxf8 19. Qxe3 Qc2 20. Na3 Qb2 21. Qc1
Qe2 22. Qc2 Qxc2 23. Nxc2 c5 24. Rd1 Bb7 25. Re3 Ng4 26. Rg3 Nf6 27. Rgd3 Be4
28. R3d2 Ng4 29. Na3 f5 30. g3 Nf6 31. Nb5 Bf3 32. Re1 Ne4 33. Rd7 a6 34. Nc7
Rf6 35. Re7 Rf7 36. Rxf7 Kxf7 37. Nxa6 Ke7 38. Re3 Bh5 39. b4 Kd7 40. Rxe4 fxe4
41. Nxc5+ Kc6 42. Nxe4 Be2 43. Nd2 Bd3 44. Kf2 Bf5 45. Ke3 1-0

[Event "Lichtenberger Sommer 2017"]
[Site "Berlin"]
[Date "2017.08.27"]
[Round "9.44"]
[White "Buehler, Florian"]
[Black "Schulz, Toni"]
[Result "1-0"]
[WhiteElo "2063"]
[BlackElo "1878"]
[PlyCount "79"]
[EventDate "2017.??.??"]
[WhiteTeam "Spgem Kötz/Ichenhausen"]
[BlackTeam "ESV Lok Raw Cottbus"]

1. d4 Nf6 2. c4 c5 3. d5 e5 4. Nc3 d6 5. e4 Be7 6. g3 O-O 7. Bg2 Ne8 8. Be3 Bg5
9. f4 exf4 10. gxf4 Bh4+ 11. Kd2 Nd7 12. Nf3 f5 13. e5 dxe5 14. fxe5 f4 15. Bg1
Nb6 16. Qe2 Bg4 17. b3 Nd7 18. e6 Nb6 19. Bxc5 Nd6 20. Bd4 Nf5 21. Bc5 Re8 22.
Qd3 Bf6 23. Rae1 Qc7 24. Bf2 Rad8 25. Nb5 Qe7 26. a3 a6 27. Bxb6 axb5 28. Bxd8
Rxd8 29. b4 bxc4 30. Qxc4 Ne3 31. Rxe3 fxe3+ 32. Kxe3 Bxf3 33. Bxf3 Bg5+ 34.
Kf2 Qf6 35. d6 Qb2+ 36. Kg3 Kh8 37. Re1 Qd2 38. Rd1 Qe3 39. e7 Qe5+ 40. Kh3 1-0

[Event "Lichtenberger Sommer 2017"]
[Site "Berlin"]
[Date "2017.08.27"]
[Round "9.46"]
[White "Miowitz, Torsten"]
[Black "Plaza Reino, Agustin"]
[Result "1-0"]
[WhiteElo "1857"]
[BlackElo "1963"]
[PlyCount "75"]
[EventDate "2017.??.??"]
[WhiteTeam "Lasker Steglitz-Wilmersdorf"]
[BlackTeam "Enniscorthy Chess Club"]

1. d4 d5 2. c4 e6 3. Nc3 Nf6 4. Bg5 Be7 5. e3 Nbd7 6. Nf3 O-O 7. Qc2 c6 8. a3
a5 9. Rd1 h6 10. Bh4 Nh5 11. Bxe7 Qxe7 12. cxd5 exd5 13. Bd3 Nhf6 14. O-O Re8
15. Rfe1 Ne4 16. Nd2 Ndf6 17. f3 Nxd2 18. Qxd2 Qd6 19. Bb1 Be6 20. e4 Qc7 21.
e5 Nd7 22. f4 Nf8 23. f5 Bd7 24. f6 Bg4 25. Rc1 Qb6 26. fxg7 Kxg7 27. Qf4 Bh5
28. Rf1 Re6 29. Na4 Qc7 30. Nc5 Re7 31. Qf6+ Kg8 32. Qxh6 Bg6 33. Qg5 Ne6 34.
Nxe6 Rxe6 35. Rf6 Rxf6 36. exf6 Kh7 37. Qh4+ Kg8 38. Qh6 1-0

[Event "Lichtenberger Sommer 2017"]
[Site "Berlin"]
[Date "2017.08.27"]
[Round "9.47"]
[White "Thomas, Tobias"]
[Black "Tscheuschner, Georg"]
[Result "0-1"]
[WhiteElo "1877"]
[BlackElo "1992"]
[PlyCount "60"]
[EventDate "2017.??.??"]
[WhiteTeam "SK Langen"]
[BlackTeam "SV Mattnetz Berlin"]

1. e4 c5 2. Nc3 a6 3. f4 b5 4. Nf3 Bb7 5. d3 e6 6. Be2 Nf6 7. O-O Be7 8. Qe1
Qb6 9. Kh1 Nc6 10. Bd1 h5 11. e5 Ng4 12. a4 Nh6 13. Be3 Nf5 14. Bf2 h4 15. axb5
axb5 16. Rxa8+ Bxa8 17. Ne4 Qb8 18. Kg1 d6 19. exd6 Bxd6 20. Nxd6+ Qxd6 21.
Nxh4 Qxf4 22. Bg3 Qd4+ 23. Bf2 Qd6 24. Nf3 Ncd4 25. Bxd4 Nxd4 26. h3 Bxf3 27.
Bxf3 Nxc2 28. Qa5 O-O 29. Qxb5 Rb8 30. Qc4 Ne3 0-1

[Event "Lichtenberger Sommer 2017"]
[Site "Berlin"]
[Date "2017.08.27"]
[Round "9.48"]
[White "Silz, Elisa"]
[Black "Hajou, Mohamad"]
[Result "1/2-1/2"]
[WhiteElo "2023"]
[BlackElo "1789"]
[PlyCount "88"]
[EventDate "2017.??.??"]
[WhiteTeam "SV Empor Berlin"]
[BlackTeam "SC Kreuzberg"]

1. d4 Nf6 2. Nf3 e6 3. c4 c5 4. d5 d6 5. Nc3 Be7 6. e4 exd5 7. cxd5 O-O 8. Be2
Bg4 9. O-O Nbd7 10. Nd2 Bxe2 11. Qxe2 Re8 12. Nc4 a6 13. a4 Rb8 14. a5 Bf8 15.
f3 Ne5 16. Bg5 Nxc4 17. Qxc4 Be7 18. Bd2 Nd7 19. Na4 Bf6 20. Qc2 Bd4+ 21. Kh1
Qh4 22. Be1 Qh5 23. Bg3 Be5 24. Bxe5 Qxe5 25. Qc3 Qxc3 26. bxc3 b5 27. axb6
Nxb6 28. h3 g6 29. Nxb6 Rxb6 30. Ra5 Kf8 31. Rfa1 Ra8 32. e5 c4 33. R1a4 dxe5
34. Rxc4 Rb5 35. Rxb5 axb5 36. Rc5 Rb8 37. d6 f6 38. Rc7 Rd8 39. Rxh7 Rxd6 40.
Rc7 Rb6 41. Kh2 b4 42. cxb4 Rxb4 43. Kg3 e4 44. fxe4 Rxe4 1/2-1/2

[Event "Lichtenberger Sommer 2017"]
[Site "Berlin"]
[Date "2017.08.27"]
[Round "9.49"]
[White "Gebert-Vangeel, Ralf"]
[Black "Seefeld, Marc"]
[Result "1-0"]
[WhiteElo "2060"]
[BlackElo "1924"]
[PlyCount "55"]
[EventDate "2017.??.??"]
[WhiteTeam "TSV Mariendorf"]
[BlackTeam "Läufer Reinickendorf"]

1. e4 d6 2. d4 Nf6 3. Nc3 g6 4. f4 c6 5. Nf3 Bg4 6. Be3 Bg7 7. Bd3 Nbd7 8. h3
Bxf3 9. Qxf3 e5 10. O-O-O Qa5 11. Kb1 a6 12. Rhe1 b5 13. g4 c5 14. dxe5 dxe5
15. g5 Nh5 16. f5 O-O-O 17. Nd5 Bf8 18. Bd2 b4 19. c3 Nb6 20. cxb4 cxb4 21.
Rc1+ Kb8 22. Nc7 Ka7 23. fxg6 fxg6 24. Ne6 Re8 25. Qf7+ Re7 26. Rc7+ Rxc7 27.
Qxc7+ Ka8 28. Nd8 1-0

[Event "Lichtenberger Sommer 2017"]
[Site "Berlin"]
[Date "2017.08.27"]
[Round "9.50"]
[White "Lieder, Günter"]
[Black "Kievelitz, Bernd"]
[Result "0-1"]
[WhiteElo "1840"]
[BlackElo "1889"]
[PlyCount "82"]
[EventDate "2017.??.??"]
[WhiteTeam "SK Turm Bad Hersfeld"]
[BlackTeam "SC Zitadelle Spandau"]

1. c4 b6 2. Nc3 e6 3. e3 Bb7 4. Nf3 Nf6 5. d4 Bb4 6. Be2 O-O 7. O-O d5 8. cxd5
exd5 9. Bd2 Nbd7 10. Rc1 a6 11. Bd3 c5 12. Bb1 Bxc3 13. Bxc3 Ne4 14. dxc5 Nxc3
15. Rxc3 bxc5 16. Qc2 g6 17. Rd1 Qe7 18. Qd2 Rfd8 19. Rb3 Nf6 20. Qa5 d4 21.
exd4 Bxf3 22. Rxf3 Rxd4 23. Re1 Qd6 24. h3 Rb8 25. Qc3 Nd5 26. Qc1 Nc7 27. Rfe3
Ne6 28. Qc3 Nf4 29. b3 Nd5 30. Re8+ Rxe8 31. Rxe8+ Kg7 32. Qb2 Nf6 33. Re1 Rd2
34. Qc3 Qd4 35. Qf3 Nd5 36. Rc1 Nb4 37. a3 Nd5 38. Be4 Nf6 39. Bc6 Qb2 40. Rxc5
Qxa3 41. Ba4 Qxc5 0-1

[Event "Lichtenberger Sommer 2017"]
[Site "Berlin"]
[Date "2017.08.27"]
[Round "9.51"]
[White "Bergmann, Jens"]
[Black "Jecht, Christian"]
[Result "0-1"]
[WhiteElo "1878"]
[BlackElo "1903"]
[PlyCount "61"]
[EventDate "2017.??.??"]
[WhiteTeam "SK Tempelhof 1931"]
[BlackTeam "SC Bavaria Regensb."]

1. e4 e5 2. Nf3 Nc6 3. Bc4 Nf6 4. d3 Bc5 5. O-O d6 6. a4 a6 7. c3 O-O 8. b4 Bb6
9. Qb3 Ne7 10. Nbd2 c6 11. Qc2 Ng6 12. d4 d5 13. dxe5 Ng4 14. exd5 cxd5 15. Bb3
N6xe5 16. Nxe5 Nxe5 17. c4 dxc4 18. Nxc4 Nxc4 19. Bxc4 Qf6 20. Bb2 Qg5 21. Ra3
Bf5 22. Qd1 Bc7 23. Qd5 Qh6 24. h3 Be6 25. Qxb7 Bxc4 26. Rc1 Qd6 27. Rg3 g6 28.
Rxc4 Qd1+ 29. Kh2 Bxg3+ 30. fxg3 Qb3 31. Qf3 0-1